Carbon and its domestication

Αποθηκεύτηκε σε:
Λεπτομέρειες βιβλιογραφικής εγγραφής
Κύριος συγγραφέας: Mannion, Antoinette M.
Μορφή: Βιβλίο
Γλώσσα:English
Δημοσίευση: Dordrecht : Springer, 2006
Θέματα:
Ετικέτες: Προσθήκη ετικέτας
Δεν υπάρχουν, Καταχωρήστε ετικέτα πρώτοι!

MARC

LEADER 00000nam a2200000 i 4500
001 1/70711
008 080116s2006 eng d
020 |a 978-1-4020-3956-0 (hbk.) 
020 |a 1-4020-3956-5 
035 |l 10093748 
040 |a GR-MY-UA  |b gre  |e aacr 
041 0 |a eng 
082 0 |a 620.19  |2 (22) 
100 1 |a Mannion, Antoinette M. 
245 1 0 |a Carbon and its domestication 
260 |a Dordrecht :   |b Springer,   |c 2006 
300 |a xiv, 319 σ.;  |b σχέδια, πιν, χάρτ.;  |c 25 εκ. 
504 |a Περιλαμβάνει βιβλιογραφίες και ευρετήριο 
650 0 0 |a Carbon. 
650 0 0 |a Carbon  |x Environmental aspects. 
650 0 0 |a Carbon  |x Political aspects. 
852 |a INST  |b CHIOS  |e 20080116  |h 620.193 MAN  |p 005200027894  |q 005200027894  |t BK  |y 0 
901 |a BIBL2-2008-1 
909 |a Χ  |b 143649 
922 |a 2ΕΛΗ  |b 200712  |c ΕΠΕΑΕΚ2/ΤΜΟΔ  |d ΕΛΕΥΘΕΡΟΥΔΑΚΗΣ 
970 |a ΑΤΣΑΛΗ  |b ΔΕΣΠΟΙΝΑ  |z 2008/01/16